[Event "Capablanca Memorial Premier 33rd"]
[Site "Havana"]
[Date "1998.05.14"]
[Round "7"]
[White "Siegel, Georg"]
[Black "Vallejo Pons, Francisco"]
[Result "0-1"]
[WhiteElo "2540"]
[BlackElo "2415"]
[Annotator "Tyomkin,D"]
[PlyCount "66"]
[EventDate "1998.05.07"]
[EventType "tourn"]
[EventRounds "13"]
[EventCountry "CUB"]
[EventCategory "8"]
[SourceTitle "CBM 065"]
[Source "ChessBase"]
[SourceDate "1998.08.06"]
[SourceVersion "1"]
[SourceVersionDate "1998.08.06"]
[SourceQuality "1"]

{[%mdl 10244]} 1. d4 {Meulders} f5 2. Nc3 d5 3. Nf3 Nf6 4. g3 {In my opinion
this construction with N on-c3 and B g2 isn't dangerous for black at all.} e6
5. Bg2 (5. Bg5 {Meulders} c5 6. Bg2 cxd4 7. Nxd4 Nc6 8. O-O Be7 9. e3 O-O 10.
Nce2 h6 11. Bxf6 Bxf6 12. Rc1 Na5 $6 (12... Nxd4 13. Nxd4 Qb6 14. Rb1 Bd7 $15)
13. Nf4 Re8 (13... Qd6 $2 14. Ndxe6 Bxe6 15. Nxe6 $16) 14. b4 Nc6 (14... Nc4
15. Ndxe6 $5 Bxe6 16. Nxe6 Rxe6 17. Bxd5 Qc8 18. Qd3 Nb6 19. Bxe6+ Qxe6 20. c4
Rd8 21. Qc2 $13) 15. Nxc6 bxc6 16. c4 Rb8 17. Qa4 Bd7 18. Rfd1 $14 {Eliet,
N-Henris,L/Budapest FS09 IM-B 1993/EXT 93/1-0 (53)}) 5... c5 $1 $146 (5... c6
$6 6. O-O Bd6 7. Bf4 Bxf4 8. gxf4 O-O 9. e3 Nbd7 10. Ne2 $14 {Cummings,D-Norri,
J/EU-chTM 1997/1/2-1/2 (44)}) 6. O-O cxd4 (6... Nc6 7. Bf4 a6 $5 (7... Be7 8.
Nb5 O-O 9. Nc7 $11)) 7. Nb5 Bd7 8. Nbxd4 Nc6 9. c4 dxc4 10. Qc2 Rc8 11. Nxc6 (
11. Qxc4 Nxd4 12. Qxd4 Bc5 13. Qe5 O-O $15) 11... Bxc6 12. Qxc4 (12. Rd1 Bd5)
12... Qd7 $6 (12... Qd5 $5 13. Qxd5 Bxd5 $15 {_|_}) 13. Qh4 Bd6 14. Be3 (14.
Bf4 $5) ({Mit} 14. Rd1 {Meulders} Qe7 15. Be3 (15. Bf4 e5 16. Rxd6 $6 Qxd6 17.
Bxe5 Qe7 $15) 15... b6 16. Qd4 Bc5 17. Qe5 $14 {konnte Weiß einen kleinen
Vorteil erreichen.}) 14... a6 15. Rfd1 Qe7 16. Bf4 {'?!' Meulders.} e5 $2 (
16... Bxf4 $142 17. Qxf4 O-O) 17. Bg5 (17. Rxd6 $6 Qxd6 18. Bxe5 Qe6 19. Bxf6
Qxf6 20. Qxf6 gxf6 21. Nd4 Bxg2 22. Kxg2 Kf7 $1 {[%cal Gc8c5,Yh8c8,Yc5c1]
intending Rc8-c5,Rh8-c8,Rc5-c1}) 17... O-O {'?' Meulders.} (17... Bb8 18. Bxf6
Qxf6 (18... gxf6 19. Qh5+) 19. Qxf6 gxf6 20. Nh4 $16) 18. Qc4+ Kh8 19. Qb3 $2 (
19. Qd3 $1 {[%csl Rd6,Rf5] winning f5-pawn} Rcd8 (19... Bc5 20. Qxf5) (19...
Rfd8 20. Qxf5 Bd7 21. Bxf6 (21. Qb1) 21... gxf6 22. Qh5 {[%cal Gf3h4]}) (19...
e4 {Meulders} 20. Qxd6 Qxd6 21. Rxd6 exf3 22. exf3 $16) 20. Qxf5 h6 21. Nh4 $1)
19... Bc5 $15 20. Be3 Bxe3 21. Qxe3 Ng4 22. Qg5 $2 (22. Qb6 $142 {/^a7-g1} e4 (
22... Bb5 23. h3 Nf6 $140 24. Nh4) 23. Nd4 Ne5 (23... e3 $6 24. f3 Nf2 25. Rdc1
) (23... Bd5 $6 24. Rac1 (24. h3 Ne5 {[%cal Ge5c4]})) 24. Rac1 g6 {[%cal Gf8d8]
} 25. Qb3 Rfd8 $15 {[%csl Rg2] ()}) 22... Qc5 $1 {[%csl Rg5] Meulders: Ab
jetzt ist Schwarz am Ball.} 23. Rf1 h6 24. Qc1 Qb6 {'!' Meulders.} 25. Qc3 {
Meulders: Es drohte ...Bxf3+-.} Bxf3 {'!' Meulders.} 26. Qxf3 e4 27. Qa3 (27.
Qf4 $2 {Meulders} g5 28. Qd2 $8 Nxf2 $1 $19) 27... Rfd8 $17 {[%csl Rg2][%cal
Yc8c2,Yd8d2]} 28. h3 (28. Bh3 Rc2 29. Rad1 Rxe2 30. Rxd8+ (30. Qe7 Rg8 $1 $17)
30... Qxd8 $17) 28... Nf6 (28... Ne5 $17 {[%cal Ge5c4]}) 29. Rfc1 Rxc1+ 30.
Rxc1 Rd2 {'=/+' Meulders.} 31. Bf1 (31. Qf8+ Kh7 32. Qc8 Nd7 $17 33. Rc2 Rd1+
34. Bf1 e3 35. f4 Qg6 36. Kg2 Rxf1 $3 $19) 31... Kh7 $1 32. Qe7 Qxb2 33. Rc7 $4
(33. Rc5 Rd1 34. Qe6 Qxe2 35. Qxf5+ Kh8 36. Rc8+ Ng8 37. Rxg8+ Kxg8 38. Qe6+ (
38. Qc8+ Kf7 39. Qf5+ Ke7 {-38.Qe6}) 38... Kf8 39. Qf5+ Ke7 40. Qe5+ Kd8 $1 (
40... Kd7 $6 41. Qxg7+ Kc6 42. Qc3+ $13) 41. Qb8+ Kd7 $1 {- key move!} (41...
Ke7 42. Qe5+) 42. Qxb7+ Ke6 43. Qc8+ (43. Qc6+ Kf7) 43... Kf6 $1 (43... Kf7 44.
Qf5+) 44. Qc6+ Kf7 $19) 33... Nd5 0-1

[Event "RUS-Cup6"]
[Site "Krasnodar"]
[Date "1997.??.??"]
[Round "3"]
[White "Tsamriuk, Alexander"]
[Black "Kobalia, Mihail"]
[Result "0-1"]
[WhiteElo "2375"]
[BlackElo "2545"]
[Annotator "Tyomkin,D"]
[PlyCount "78"]
[EventDate "1997.03.11"]
[EventType "swiss"]
[EventRounds "9"]
[EventCountry "RUS"]
[SourceTitle "EXT 2000"]
[Source "ChessBase"]
[SourceDate "1999.11.16"]
[SourceVersion "1"]
[SourceVersionDate "1999.11.16"]
[SourceQuality "1"]

1. d4 f5 2. Bg5 g6 3. Nd2 Bg7 4. e3 Nf6 5. c3 Nc6 $5 $146 {[%cal Ge7e5]} (5...
d6 {Tyomkin,D} 6. Ngf3 Nc6 7. Bc4 e5 8. dxe5 dxe5 (8... Nxe5 $5) 9. Qb3 Qe7 (
9... e4 $6 10. Nd4 Nxd4 (10... Ne5 $2 11. Qb5+) 11. exd4 $16) 10. e4 h6 11.
Bxf6 Bxf6 12. O-O-O $14 Kf8 {[%cal Gf8g7,Gc6a5]} 13. Bd5 Nd8 14. Qc2 (14. exf5
$5 c6 15. Bc4 gxf5 16. Rhe1) 14... f4 15. g3 fxg3 16. hxg3 Bg4 17. Rde1 c6 18.
Bb3 Kg7 19. Nh4 Be6 20. Ng2 Bxb3 $14 {[%csl Rf6][%cal Gf2f4] 1/2-1/2 Pfleger,
H-Glek,I/BL 1992}) 6. Bb5 $5 (6. Bc4 e5 $13) (6. Ngf3 d6 7. Bc4 $14 {-6...d6})
6... O-O 7. Ngf3 d6 8. Qa4 $5 {with idea to change black square B and to push
d4-d5 after the next black's move} (8. Qe2 {[%cal Ge1g1,Ge3e4] was normal way
to finish development}) 8... Bd7 9. Bxf6 Bxf6 10. d5 $14 Nb8 11. Nd4 (11. Qb3
$6 Bxb5 12. Qxb5 Nd7 13. Nd4 Nc5 $132) 11... Bxd4 12. exd4 c6 13. dxc6 Nxc6 14.
O-O a6 15. Bxc6 (15. Qb3+ $5 Kg7 16. Be2 Qc7 (16... e5 17. dxe5 (17. d5 $6 Ne7
{[%cal Gb7b5]} 18. Nc4 $140 Bb5) 17... dxe5 18. Qxb7 Rb8 19. Qxa6 Rxb2 20. Rfd1
$16) 17. d5 $14) 15... Bxc6 16. Qb3+ Kg7 17. d5 {pawn came to-d5 again!} Bd7
18. Nf3 $6 (18. a4 $142 $14) 18... b5 $11 19. Nd4 Rc8 {[%csl Rd5][%cal Gc8c5]}
20. Rfe1 Re8 21. Re3 Rc5 22. a4 $6 {Black made mistake in his calculations,and
it brought to lose of exchange after:} (22. Rae1 a5 23. a3 Kf7 $11 {[%cal
Gd8a8]}) 22... bxa4 23. Rxa4 $2 (23. Qa2 Qa8 24. c4 Qc8 25. Rc3 $11) 23... Bxa4
24. Ne6+ Kg8 25. Qxa4 Ra5 $1 $17 {white missed this move} 26. Qd1 Qb6 27. b4
Ra2 28. g4 Rc8 {[%cal Rc8c3]} (28... fxg4 29. Qxg4 {[%cal Ge6g5]} Rxf2) 29. Nd4
(29. gxf5 Rxc3 $1) 29... Qb7 30. Qe1 $2 (30. Ne6) 30... fxg4 31. Nc6 (31. Rxe7
Ra1 (31... Qxd5 32. Re8+ Rxe8 33. Qxe8+ Kg7 34. Qe7+ Kh6 35. Qh4+ Qh5 36. Nf5+
gxf5 37. Qf6+ Qg6 38. Qh4+ Kg7 39. Qe7+ Kg8 40. Qd8+ Kf7 41. Qd7+ Kf6 42. Qxd6+
Kg5 43. Qe7+ Kh5 $19) 32. Qxa1 Qxe7 $19) 31... e5 32. Re2 Rxe2 33. Qxe2 Rf8 34.
c4 Qd7 35. c5 Kg7 36. Qe4 Rf4 37. Nxe5 (37. Qe2 Qf7 {[%csl Rd5]} 38. cxd6 Qxd5
$19) 37... Rxe4 38. Nxd7 Rxb4 39. cxd6 Rb5 0-1

[Event "RUS-chT 05th"]
[Site "Maikop"]
[Date "1998.06.08"]
[Round "6"]
[White "Makarov, Marat"]
[Black "Iljushin, Alexei"]
[Result "1/2-1/2"]
[WhiteElo "2540"]
[BlackElo "2460"]
[Annotator "Tyomkin,D"]
[PlyCount "43"]
[EventDate "1998.06.03"]
[EventType "team-tourn"]
[EventRounds "11"]
[EventCountry "RUS"]
[SourceTitle "CBM 066"]
[Source "ChessBase"]
[SourceDate "1998.09.30"]
[SourceVersion "1"]
[SourceVersionDate "1998.09.30"]
[SourceQuality "1"]
[WhiteTeam "Elista Uralan"]
[BlackTeam "Saratov GShK"]
[WhiteTeamCountry "RUS"]
[BlackTeamCountry "RUS"]

1. d4 e6 2. Nf3 f5 3. d5 Nf6 4. dxe6 d5 5. c4 (5. Ng5 Qe7 6. c4 (6. g3 Bxe6 7.
Bg2 Nc6 8. c4 O-O-O 9. Nc3 dxc4 10. Qa4 Bd5 {Hansen,M-Naumkin,I/Cappelle op
1994/0-1 (40)}) 6... Bxe6 7. cxd5 Nxd5 8. e4 fxe4 9. Bc4 Qb4+ 10. Nd2 e3 11.
fxe3 Nxe3 12. Qh5+ g6 13. Qe2 $16 {Miles,A-Naumkin,I/London Lloyds 1993/1-0 
(79)}) 5... Bxe6 6. cxd5 (6. Nd4 Bf7 7. cxd5 Qxd5 8. Nc3 Qd7 9. e3 a6 10. Bd3
g6 11. O-O Nc6 12. Qf3 Nd5 13. Nxc6 Qxc6 14. Rd1 O-O-O 15. Bd2 Nb4 16. Qxc6
Nxc6 17. Be2 Bg7 18. Na4 Rhe8 19. Bc3 Bxc3 20. Nxc3 Rxd1+ 21. Rxd1 {1/2-1/2
Hauchard,A-Roos,L/FRA-ch 1994}) 6... Bxd5 $5 $146 (6... Nxd5 7. g3 Nc6 8. Bg2
Qd7 9. O-O O-O-O 10. Bg5 Be7 11. Bxe7 Qxe7 $132 {Scavo,F-Naumkin,I/Castiglione
op 1995/0-1 (73)}) (6... Qxd5 7. Bd2 Nc6 8. Nc3 Qd7 9. e3 a6 10. Qa4 O-O-O 11.
Be2 Ne4 12. Nxe4 fxe4 13. Qxe4 Bd5 14. Qd3 Nb4 15. Bxb4 Bxb4+ 16. Kf1 Qc6 $44 {
Dunnington,A-Naumkin,I/Oostende op 1992/0-1 (44)}) 7. Nc3 Bb4 8. Bd2 Nc6 9. e3
(9. Nxd5 Nxd5 10. e3 Qd6 {-see the game}) 9... Qd6 10. Nxd5 (10. a3 Bxc3 (10...
Ba5 11. b4 Bb6 12. Nxd5 $14) 11. Bxc3 O-O 12. Be2 Ne4 13. Rc1 Rad8 14. O-O f4
15. exf4 Qxf4 16. Qc2 $11) 10... Nxd5 11. Bb5 O-O-O 12. O-O Bxd2 13. Qxd2 Ne5
14. Nxe5 $6 (14. Nd4 $142 f4 (14... Ng4 15. g3 g6 $14 (15... Qh6 16. h4 g5 $2
17. Bd3 $1)) 15. exf4 (15. e4 Ne3 $1 {[%csl Rd4]}) 15... Nxf4 16. Qxf4 Qxd4 17.
Qxd4 $14) 14... Qxe5 $11 15. Rad1 Nf6 (15... Nxe3 $2 16. Bd7+ $1) 16. Qb4 h5 (
16... Ng4 17. g3 h5 18. Be2 $14) 17. Be2 g5 18. Rc1 Ne4 19. Rfd1 g4 20. f3 gxf3
21. Bxf3 h4 22. Bxe4 (22. Bxe4 fxe4 23. Rxd8+ Rxd8 24. Rf1 h3 25. Rf8 $11)
1/2-1/2

[Event "Guillermo Garcia Memorial-A 06th"]
[Site "Santa Clara"]
[Date "1998.05.26"]
[Round "3"]
[White "Borges Matos, Juan R"]
[Black "De la Riva Aguado, Oscar"]
[Result "1/2-1/2"]
[WhiteElo "2480"]
[BlackElo "2495"]
[Annotator "Tyomkin,D"]
[PlyCount "38"]
[EventDate "1998.05.24"]
[EventType "tourn"]
[EventRounds "13"]
[EventCountry "CUB"]
[EventCategory "9"]
[SourceTitle "CBM 066"]
[Source "ChessBase"]
[SourceDate "1998.09.30"]
[SourceVersion "1"]
[SourceVersionDate "1998.09.30"]
[SourceQuality "1"]

1. d4 f5 2. Bg5 c6 3. e3 g6 4. c4 Bg7 5. Nc3 Nf6 (5... d6 6. Bd3 Qa5 7. Nge2
Nd7 8. O-O e5 9. dxe5 dxe5 10. a3 h6 11. Bh4 Ngf6 (11... g5 12. Bg3 f4 13. exf4
exf4 14. Bg6+ Kd8 15. Bxf4 gxf4 16. Nxf4 $36) 12. b4 Qc7 13. f3 O-O 14. e4 f4
15. c5 Kh8 16. Bc4 b5 17. Bb3 Rd8 18. Qc2 a5 19. Bf2 a4 20. Ba2 Nf8 21. Rad1
Be6 22. Bxe6 Nxe6 23. Nc1 g5 24. Rxd8+ Rxd8 {1/2-1/2 Chernin,A-Jussupow,A/
Montpellier ct 1985}) 6. Bd3 d6 7. f4 (7. Nge2 e5 8. dxe5 dxe5 9. e4 $6 f4) (7.
Nf3 Qa5 {[%cal Ge7e5]}) 7... Nbd7 8. Nf3 O-O 9. O-O Qe8 {preparing e7-e5} 10.
Bxf6 Nxf6 (10... exf6 $2 11. Re1 $16 {[%csl Rd7,Rg7]}) (10... Bxf6 11. e4 fxe4
12. Nxe4 $14) 11. Qd2 {[%cal Ge3e4]} Nh5 {[%csl Gf4][%cal Ge7e5]} 12. Be2 {
[%cal Ye2h5]} (12. Rae1 e5 13. fxe5 dxe5 14. dxe5 Bxe5 15. Nxe5 Qxe5 16. e4 f4
17. Be2 Be6 {and black is OK}) 12... Nf6 13. Rae1 Kh8 {[%cal Gc8e6]} 14. Bd3
Be6 15. b3 Qd7 16. e4 fxe4 17. Bxe4 $6 (17. Nxe4 {In my opinion White could
fight for advantage with this move.} Nh5 $1 (17... Bf5 18. Neg5 Bxd3 19. Qxd3
Nh5 20. g3 $16) (17... Nxe4 18. Bxe4 {[%cal Gd4d5]} Rae8 19. d5 cxd5 20. cxd5
Bg4 21. Nd4 $16 {[%csl Re6][%cal Gh2h3]}) 18. Neg5 Bg4 19. f5 $5 Bxf5 (19...
gxf5 20. Ne6 Rf6 21. d5 $44 {[%csl Rf5,Rg4,Rh5]}) 20. Bxf5 Rxf5 21. Ne6 Nf6 (
21... Rf7 22. g4) 22. h3 d5 (22... Nh5 23. g4 Rf6 24. d5 Ng3 25. Rf2 $16) 23.
Neg5 (23. Nc5 Qc7 24. g4 $4 (24. Ne6 Qd6) 24... Qg3+ 25. Qg2 Rxf3 $1) (23. g4
$2 Rxf3 $1 24. Rxf3 Ne4 $19) 23... Rf8 24. Ne6 (24. g4 $140 Ne4) (24. Qe3 $2
Bh6) 24... Re8 25. Neg5 Rf8 26. Ne6 $11) 17... Nxe4 18. Nxe4 Bg8 19. Qe3 Rae8 (
19... Rae8 20. Neg5 Rf6 21. Ne4 Rff8 $11) 1/2-1/2

[Event "Capablanca Memorial Elite 33rd"]
[Site "Havana"]
[Date "1998.05.19"]
[Round "9"]
[White "Bacrot, Etienne"]
[Black "Borges Matos, Juan R"]
[Result "1/2-1/2"]
[WhiteElo "2565"]
[BlackElo "2480"]
[Annotator "Tyomkin,D"]
[PlyCount "85"]
[EventDate "1998.05.07"]
[EventType "tourn"]
[EventRounds "11"]
[EventCountry "CUB"]
[EventCategory "12"]
[SourceTitle "CBM 065"]
[Source "ChessBase"]
[SourceDate "1998.08.06"]
[SourceVersion "1"]
[SourceVersionDate "1998.08.06"]
[SourceQuality "1"]

{[%mdl 4144]} 1. d4 {Meulders} d6 2. Nf3 f5 3. Nc3 Nf6 4. Bg5 d5 {'!?'
Meulders. Meulders: Im Vergleich mit einer bekannten Variante (1.d4 f5 2.Nc3
d5 3.Bg5 Nf6 4.Nxf6 exf6) hat Schwarz ein Tempo weniger).} 5. Bxf6 exf6 6. e3 (
6. g3 Be6 7. e3 Nd7 8. Ne2 c6 9. c3 Nb6 10. Qc2 g6 11. Nf4 Bf7 {Burkart,
P-Buecker,S/BL9091 1991/0-1 (43)}) 6... c6 7. h4 {'?!' Meulders. Meulders: So
nimmt Weiß sich die Möglichkeit mit h3/g4 den Pf5 an zu greifen.} (7. Bd3 Bd6
8. Nh4 g6 9. g3 Be6 10. Ng2 Nd7 11. Ne2 Bf7 12. c3 a5 13. Qc2 O-O 14. h4 c5 (
14... h5 $5) 15. h5 Qe8 (15... c4 16. hxg6 hxg6 17. Bxf5 gxf5 18. Qxf5 Re8 19.
Qg4+ Kf8 20. Rh7 $18) 16. hxg6 hxg6 17. Nef4 cxd4 $132 {Mozny,M-Efimov,I/
Bohemians 1985/1-0(51)}) 7... h5 {'!' Meulders.} 8. Bd3 Bd6 9. Ne2 {[%cal
Gc2c3,Yd1c2] '!' Meulders.} Be6 10. c3 (10. Nf4 $1 {Meulders} Bc8 11. c3 $14)
10... Nd7 (10... g6) 11. Qc2 {'?!' Meulders.} (11. Nf4 $5 Bxf4 12. exf4 $14)
11... g6 {'=' Meulders.} 12. g3 (12. c4 $5) 12... Bf7 13. a3 $6 (13. c4 {
[%cal Gc4c5]} dxc4 (13... Bb4+ $140 14. Kf1 {[%cal Gf1g2]}) 14. Bxc4 Nb6 15.
Bxf7+ Kxf7 16. Kf1 $14 {[%cal Gf1g2]}) 13... b5 $1 {Meulders: Die feste
schwarze Bauernstruktur kompensiert den "halbbauer" Bf7 vollkommen.} 14. a4 a6
15. axb5 axb5 16. O-O O-O 17. b3 {[%cal Gc3c4]} Nb6 18. Rfb1 $6 (18. Nd2 {
[%cal Gc3c4]} Qe7 19. c4 $14) 18... Qc7 19. Qc1 Ra7 20. Rxa7 Qxa7 21. Ra1 Qb7
22. Ra2 Ra8 23. Qa1 Rxa2 24. Qxa2 Qa8 25. Qxa8+ Nxa8 $11 26. Kf1 Nb6 27. Ke1
Be7 28. Nd2 Kg7 29. Kd1 Nc8 30. c4 bxc4 31. bxc4 c5 $1 {changing all central
pawns} (31... Nd6 32. c5 Ne4 33. Ke1 $1 (33. f3 $2 Nf2+ 34. Kc2 Nxd3 35. Kxd3
Bd8 36. Nb3 Be6 {[%cal Ge6c8,Gc8a6]}) 33... Nxd2 (33... Bd8 $140 $2 34. Nb3 $1
{[%cal Rf2f3]} Bc7 35. Kf1 {[%cal Gf1g2,Gf2f3]}) 34. Kxd2 $14 {[%csl Rc6][%cal
Gd3a6,Ye2f4,Yf4d3]}) 32. cxd5 Nb6 33. Bb5 Nxd5 34. Bc4 cxd4 35. exd4 (35. Nxd4
Nc3+ 36. Kc2 Ne4 37. Bxf7 Kxf7 38. Nxe4 fxe4 $11) 35... g5 36. Nf1 f4 37. Nd2 (
37. Bxd5 Bxd5 38. hxg5 (38. gxf4 {Meulders} gxh4 $17) 38... fxg5 39. gxf4 h4 {
o^h}) 37... fxg3 38. Nxg3 gxh4 39. Nf5+ Kf8 40. Nxh4 Bb4 41. Kc2 Nf4 42. Bxf7
Bxd2 43. Bxh5 (43. Bxh5 Be1 $11) 1/2-1/2

[Event "Guillermo Garcia Memorial-A 06th"]
[Site "Santa Clara"]
[Date "1998.06.06"]
[Round "11"]
[White "Arencibia Rodriguez, Walter"]
[Black "De la Riva Aguado, Oscar"]
[Result "1-0"]
[WhiteElo "2535"]
[BlackElo "2495"]
[Annotator "Tyomkin,D"]
[PlyCount "103"]
[EventDate "1998.05.24"]
[EventType "tourn"]
[EventRounds "13"]
[EventCountry "CUB"]
[EventCategory "9"]
[SourceTitle "CBM 066"]
[Source "ChessBase"]
[SourceDate "1998.09.30"]
[SourceVersion "1"]
[SourceVersionDate "1998.09.30"]
[SourceQuality "1"]

1. d4 f5 2. Bg5 g6 3. Nd2 Bg7 4. e3 Nh6 $146 {[%cal Gh6f7,Gd7d5]} (4... Nf6 5.
c3 Nc6 $5 $146 {[%cal Ge7e5]} 6. Bb5 $5 (6. Bc4 e5 $13) (6. Ngf3 d6 7. Bc4 $14
{-6...d6}) 6... O-O 7. Ngf3 d6 8. Qa4 $5 {with idea to change black square B
and to push d4-d5 after the next black's move} (8. Qe2 {[%cal Ge1g1,Ge3e4] was
normal way to finish development}) 8... Bd7 9. Bxf6 Bxf6 10. d5 $14 {Tsamriuk,
A-Kobalija,M/RUS-Cup6 1997/0-1(39)}) 5. Bc4 (5. e4 $5 Nf7 6. Be3 fxe4 7. Nxe4
d5 8. Ng5 Nxg5 9. Bxg5 $13) 5... d5 6. Bb3 Nf7 7. Bh4 c5 8. c3 g5 9. Bg3 O-O
10. Ne2 Nc6 11. h4 h6 12. hxg5 hxg5 13. Nf3 cxd4 14. cxd4 e6 15. Nc1 $1 $16 {
[%csl Ge5,Gf4][%cal Gc1d3]} Qf6 16. Nd3 f4 17. exf4 Nxd4 18. Nxd4 Qxd4 19. O-O
$2 (19. fxg5 Nxg5 20. Rh4 Ne4 21. Qh5 Rf5 (21... Qxd3 22. Qh7+ Kf7 23. Rf4+ Ke8
24. Qg6+ $1 Kd8 25. Bh4+ $18) 22. Qh7+ Kf7 23. Rg4 $18) 19... Bd7 {[%cal Gd7b5]
} 20. Re1 (20. a4 $5 {[%csl Gb5]}) 20... Bb5 21. Ne5 Qxd1 22. Raxd1 Bxe5 (22...
gxf4 23. Bxf4 Rac8 (23... Nxe5 24. Bxe5 Bxe5 25. Rxe5 Rf6 $14) 24. Nxf7 Rxf7
25. Be5 Rc6 $14) 23. fxe5 Rac8 24. f4 Nh6 $6 (24... gxf4 25. Bxf4 Bc4 26. Bc2
$5 (26. Re3 Bxb3 27. Rxb3 Rc7 28. Rg3+ Kh7 29. Kf2 $140 Nh6) (26. Ba4 b5 27.
Bc2 Bxa2 28. Rd2) 26... Bxa2 27. Bd3 Bb3 28. Rd2 Bc4 29. Bb1 Kg7 (29... Nd8 30.
Bh6 Rf7 31. Rd4 Nc6 32. Rg4+ Kh8 33. Bg5) 30. Re3 Rh8 31. Rf2 $44 {[%cal Ge3g3]
}) 25. fxg5 Nf5 26. Bf2 $16 Bc4 27. Ba4 Rc7 (27... b5 28. Bc2 Bxa2 29. Rd2 $16)
28. Rc1 Rg7 29. Bd1 Rxg5 30. a4 Rf7 31. Rc3 b6 (31... Rfg7 32. Bf3 b6 {-game}
33. b3 Ba6 34. Rc6) 32. Bf3 Rfg7 33. b3 Ba6 34. Rc6 Bb7 $2 (34... Kf7 35. a5
Bb7 36. Rc7+ Kg8 $1 (36... Kg6 37. Rxg7+ Kxg7 38. axb6 axb6 39. Ra1) 37. axb6
axb6 38. Bxb6 Rxc7 39. Bxc7 Nh4 (39... Nd4 40. Bd1 Rg3 41. Kf2 Rd3 42. b4 $16)
40. Kf2 Nxf3 41. gxf3 {in this ending black has good chances to save the game.}
) 35. Rxe6 Rxg2+ $4 (35... d4 36. Bxb7 Rxb7 37. Rf6 $16 {for example:} Rbg7 38.
Kf1 Ng3+ 39. Bxg3 Rxg3 40. Re4 $5) 36. Bxg2 d4 37. Rf6 Rxg2+ (37... Bxg2 38.
Kh2 $1) 38. Kf1 $18 Ne7 39. Bxd4 Rg4 (39... Rd2 40. Re3 $1) 40. Rd1 Nd5 41. Rd6
Ba6+ 42. Kf2 Nf4 43. e6 $6 (43. Be3 $18) 43... Rg2+ 44. Ke3 Nxe6 45. Ba1 Nc5
46. b4 Nxa4 47. Rd8+ Kf7 48. R1d7+ Ke6 49. Rd6+ Kf7 50. R8d7+ Ke8 51. Rxa7 Bb5
52. Rh6 1-0

[Event "POL-ch 54th"]
[Site "Sopot"]
[Date "1997.??.??"]
[Round "3"]
[White "Jaracz, Pawel"]
[Black "Grabarczyk, Bogdan"]
[Result "1-0"]
[WhiteElo "2445"]
[BlackElo "2460"]
[Annotator "Tyomkin,D"]
[PlyCount "43"]
[EventDate "1997.03.18"]
[EventType "tourn"]
[EventRounds "15"]
[EventCountry "POL"]
[EventCategory "9"]
[SourceTitle "CBM 059"]
[Source "ChessBase"]
[SourceDate "1997.08.01"]
[SourceVersion "1"]
[SourceVersionDate "1997.08.01"]
[SourceQuality "1"]

1. d4 f5 2. Bg5 g6 3. Nc3 d5 4. h4 Bg7 5. e3 c6 6. Bf4 Nd7 $5 $146 (6... Nf6 {
Tyomkin,D} 7. h5 Nxh5 8. Rxh5 gxh5 9. Qxh5+ Kf8 10. Bd3 Qe8 11. Qh2 Nd7 (11...
Na6 $5) 12. Bxf5 Nf6 13. Bxc8 Rxc8 14. O-O-O (14. f3 c5 15. O-O-O b5 16. Kb1 $6
(16. dxc5 $142 Rxc5 17. Be5) 16... b4 17. Nce2 c4 18. Nc1 Qa4 19. g4 $132 {
Gonzalez,F-Gual,A/St.Cugat op 1994/0-1 (34)}) 14... Qh5 15. Nh3 Bh6 16. f3 {
[%cal Gg2g4]} Rg8 17. g4 Bxf4 18. exf4 Nxg4 $2 (18... Qh4 $142 19. Rh1 $44) 19.
fxg4 Rxg4 20. Rd3 $16 {Gelfand,B-Kontic,D/EU-chJ U20 Arnhem 1988/1-0 (33)}) 7.
Nf3 $6 (7. h5 $142 $5 e5 8. dxe5 Nxe5 9. hxg6 hxg6 10. Rxh8 Bxh8 11. Qd2 $13 {
[%cal Ge1c1]}) 7... Ngf6 8. Bd3 $6 Ng4 {[%cal Ge7e5]} 9. Be2 e5 $15 {White
made a couple of careless moves and it let black to get preferable position}
10. dxe5 Ndxe5 11. Nd4 Qe7 12. Qd2 Bd7 13. Nb3 O-O-O 14. f3 Nf6 $2 (14... Nc4
$142 15. Bxc4 dxc4 16. Nd4 (16. fxg4 cxb3 17. axb3 Be6 $17 {[%cal Ge7c5]})
16... Nf6 $15) 15. Qd4 $16 Nh5 (15... Ne4 16. Qxa7 Nxc3 17. Nc5 $1 $18) 16.
Qxa7 (16. Bg5 $16 {[%cal Gd4a7]}) 16... Qd6 $4 {Black started to panic and
lost a game in few moves} (16... Nxf4 $142 17. Nc5 $1 (17. exf4 Nc4 18. Nc5
Rde8 $1 (18... Bxc3+ $2 19. bxc3 Rde8 20. O-O Nd6 21. Rab1 $18 Qxe2 $140 22.
Rxb7) (18... Nd6 $2 19. N3a4 $1 Rde8 20. Nb6+ Kd8 (20... Kc7 21. Nxd5+ cxd5 22.
Na6+ Kd8 23. Qb6+ Kc8 24. Qc7#) 21. Nxb7+ $18) 19. Qxb7+ Kd8 20. N5a4 Qe3 $17)
17... Nxg2+ (17... Rdf8 18. exf4 Nc4 19. Qxb7+ Kd8 20. Nxd7 Re8 (20... Bxc3+
21. bxc3 Re8 22. O-O $18) 21. O-O-O $18) 18. Kf2 Rdf8 $1 (18... Rde8 $2 19.
Qxb7+ Kd8 20. Qb6+ Kc8 21. Ba6#) (18... Kc7 19. Qxb7+ (19. Kxg2 Bc8) 19... Kd6
20. Qb6 $18 {[%cal Gc3b5]}) 19. Kxg2 $16 (19. Qxb7+ Kd8 20. Qb6+ Ke8 21. Kxg2
Kf7 $132)) 17. Na4 $1 $18 (17. Bg5 $16 {/+-}) 17... Nxf4 (17... Qb8 18. Nb6+
Kc7 19. Qa5 $18) 18. Nbc5 $1 (18. exf4 Qb4+ 19. c3 Qxf4 20. O-O $16 (20. Nbc5
Rde8 21. Nb6+ Kd8 22. Nxb7+ Ke7 23. Qa3+ Kf6 24. Qd6+ Be6 25. Nd7+ Kf7 $44))
18... Qb8 $4 (18... Nxg2+ $142 19. Kf2 Rde8 20. Kxg2 $1 $18 {[%csl Rd7][%cal
Rf3f4,Ya4b6]} (20. Qxb7+ Kd8 21. Kxg2 Ke7 $13) (20. Nb6+ Kc7 21. Nxb7 (21. Qa5
Kb8) 21... Qb4 (21... Qf6) 22. Nd8+ Kxd8 23. Qb8+ Bc8 24. Qxc8+ Ke7 25. Qb7+
Ke6 $17)) (18... Rde8 $2 19. Nb6+ $1 (19. Qxb7+ Kd8 20. Qb6+ Ke7 (20... Qc7 21.
Nb7+ Kc8 22. Nd6+ $1) 21. exf4 Nf7 22. g3 $16) 19... Kc7 20. Qxb7+ Kd8 21. exf4
$18) 19. Nb6+ Kc7 20. Na6+ Kd6 21. Nxb8 Nxg2+ 22. Kf2 1-0